banner koha

Botânica e Agricultura no Brasil no Século XVI (Registro n. 341352)

MARC details
000 -LÍDER
Campo de controle fixo 01483nam a22003257a 4500
001 - NÚMERO DE CONTROLE
Número de controle BR2026000892
003 - CÓDIGO MARC DA AGÊNCIA CATALOGADORA
Campo de controle BR-BrNA
005 - DATA E HORA DA ÚLTIMA ATUALIZAÇÃO
Campo de controle 20260414122133.0
008 - CAMPO DE TAMANHO FIXO
Campo fixo de controle 260414b bl.||||| |||| 00| 0 por d
040 ## - FONTE DA CATALOGAÇÃO
Agência catalogadora BR-BrBNA
Idioma da catalogação por
041 ## - CÓDIGO DO IDIOMA
Código do Idioma por
072 ## - CATEGORIA AGRIS
Código da categoria de assunto/objeto <a href="B50">B50</a>
090 ## - NÚMERO DE CHAMADA
Localização na estante B50
Código BR BR2026000892
100 0# - ENTRADA PRINCIPAL - NOME PESSOAL
Código de relação aut.
Nome pessoal Frederico Carlos Hoehne,
245 ## - TÍTULO PRINCIPAL
Título principal Botânica e Agricultura no Brasil no Século XVI
Indicação de responsabilidade Frederico Carlos Hoehne
250 ## - EDIÇÃO
Edição 71.ed.
260 ## - IMPRENTA (PUBLICAÇÃO, DISTRIBUIÇÃO, ETC.)
Lugar de publicação, distribuição, etc. São Paulo, SP (brasil).
Nome do editor, distribuidor, etc. Companhia Editora Nacional.
Data de publicação, distribuição, etc 1937
300 ## - DESCRIÇÃO FÍSICA
Extensão 410 p.
490 ## - INDICAÇÃO DE SÉRIE
Título da série Coleção Brasiliana.
Número do volume ou designação sequencial da série v.71.
500 ## - NOTA GERAL
Notas gerais Texto em ortografia antiga.
500 ## - NOTA GERAL
Notas gerais Obra de caráter histórico sobre o Brasil colonial.
520 ## - NOTA DE RESUMO, ETC
Nota de conteúdo A obra analisa a vegetação e as práticas agrícolas existentes no Brasil no século XVI, principalmente no período do descobrimento e dos primeiros contatos entre europeus e povos indígenas. Hoehne reúne informações de cronistas, viajantes e estudos botânicos para mostrar que o território brasileiro já possuía uma rica diversidade de plantas nativas e sistemas agrícolas organizados antes da colonização.
546 ## - NOTA DE IDIOMA
Nota de idioma Texto em português com ortografia antiga.
650 ## - ASSUNTO - THESAGRO
Cabeçalho tópico ou nome geográfico PLANTA
650 ## - ASSUNTO - THESAGRO
Cabeçalho tópico ou nome geográfico TAXONOMIA VEGETAL
650 ## - ASSUNTO - THESAGRO
Cabeçalho tópico ou nome geográfico ETNOBOTANICA
856 ## - ACESSO E ENDEREÇO ELETRÔNICO
Material especificado Disponível na Biblioteca Digital do MAPA.
Identificador uniforme de recurso - URI https://bdor.sibi.ufrj.br/bitstream/doc/153/1/71%20PDF%20-%20OCR%20-%20RED.pdf
909 ## - IDENTIFICAÇÃO DO CATALOGADOR
Ano e mês da catalogação (aaaamm) 13/04/2026
Identificação do catalogador Nonato
942 ## - TIPO ESPECÍFICO
Tipo de material Livros
952 ## - LOCATION AND ITEM INFORMATION (KOHA)
-- 2026-04-14
Exemplares
Status de empréstimo Fonte de classificação Status de danificação Não pode ser emprestado Código da coleção Localização permanente Localização atual Localização na estante Total Checkouts Número de chamada Código de barras Tipo de material
  Classificação AGRIS     Obras Raras Biblioteca Nacional de Agricultura - Binagri Biblioteca Nacional de Agricultura - Binagri Agrobase - Obras Raras   B50 BR2026000892 OBR 2026-1602 Livros

BINAGRI

Telefone: (61)3218-2567/2388/3357/2097 - binagri@agro.gov.br

Ministério da Agricultura e Pecuária , Esplanada dos Ministérios, Bloco D, Anexo B, Brasília/DF, CEP: 70.043-900